Jadid Jahilyyat( termite affected boarded out) (Record no. 283092)
[ view plain ]
| 000 -LEADER | |
|---|---|
| fixed length control field | 00282 a2200109 4500 |
| 001 - CONTROL NUMBER | |
| control field | 48019 |
| 082 ## - DEWEY DECIMAL CLASSIFICATION NUMBER | |
| Classification number | ( termite affected boarded out) |
| 090 ## - LOCALLY ASSIGNED LC-TYPE CALL NUMBER (OCLC); LOCAL CALL NUMBER (RLIN) | |
| -- | 31008 |
| -- | 31008 |
| 100 ## - MAIN ENTRY--PERSONAL NAME | |
| Personal name | M Qutab |
| 245 ## - TITLE STATEMENT | |
| Title | Jadid Jahilyyat( termite affected boarded out) |
| 260 ## - PUBLICATION, DISTRIBUTION, ETC. | |
| Place of publication, distribution, etc. | Karachi |
| Name of publisher, distributor, etc. | Idara magarif-i-Islamia |
| 942 ## - ADDED ENTRY ELEMENTS (KOHA) | |
| Institution code [OBSOLETE] | NUST-CAE |
| Withdrawn status | Lost status | Damaged status | Not for loan | Collection code | Permanent Location | Current Location | Date acquired | Total Checkouts | Barcode | Date last seen | Price effective from | Koha item type |
|---|---|---|---|---|---|---|---|---|---|---|---|---|
| College of Aeronautical Engineering (CAE) | College of Aeronautical Engineering (CAE) | 04/03/2017 | CAE44661 | 04/05/2017 | 04/05/2017 | Book |
